00493nam a2200145Ia 4500008004100000041000800041082001600049100001600065245004500081260004300126300002400169365001100193999001700204952012600221240624s9999 xx 000 0 und d aeng a658.421 JOG aJOGDAND S N aENTREPRENEURSHIP AND BUSINESS OF BIOTECH c2007aMumbaibHimalaya Books Pvt. Ltd. a486 : p. : cm. ; 25 cRSb25 c14853d14853 00104070aIMTNbIMTNcRack 32-Ad2010-03-30eHPHPLg1250.00o658.421 JOGp14853r2024-06-24 00:00:00t1w2024-06-24yBK